Estatísticas para Maiores cidades do Brasil

Clique aqui para jogar o quiz

Estatísticas Gerais

  • Esse quiz foi jogado 12 119 vezes
  • A pontuação média é 14 de 20

Estatísticas das Respostas

PopulaçãoCidade% Correto
11 244 369São Paulo
100%
6 323 037Rio de Janeiro
100%
2 375 444Belo Horizonte
91%
2 676 606Salvador
90%
1 746 896Curitiba
87%
1 802 525Manaus
86%
1 409 939Porto Alegre
86%
2 562 963Brasília
83%
2 551 806Fortaleza
79%
1 536 934Recife
77%
1 392 031Belém
71%
1 301 892Goiânia
71%
1 080 999Campinas
67%
806 203Natal
67%
1 011 943São Luís
53%
1 002 675Maceió
53%
1 222 357Guarulhos
46%
1 016 128São Gonçalo
20%
872 762Duque de Caxias
18%
865 089Nova Iguaçu
14%

Distribuição das Pontuações

Percentil de Números Respondidos

Porcentagem de Pessoas com Cada Pontuação

Sua Pontuação Histórica

Você não jogou esse quiz